000 00553nam a2200217Ia 4500
005 20250425162754.0
008 250425s9999 xx 000 0 und d
041 _aspa
043 _aec
082 _a306
100 _aORDOÑEZ ITURRALDE, WILMAN
245 0 _aBARRICAÑA: HISTORIA DE UN ICONO DE LA CULTURA POPULAR GUAYAQUILEÑA
250 _aEDITORIAL ECUADOR
260 _aEcuador
_bSHAMAN EDITORES
_c2007
260 _aGUAYAQUIL
300 _a282
650 _aCULTURA POPULAR
650 _aGUAYAQUIL
942 _c01
010 _a107442
999 _c236108
_d236108